Cryptography / (Record no. 170466)

MARC details
000 -LEADER
fixed length control field 00856nam a22002297a 4500
003 - CONTROL NUMBER IDENTIFIER
control field OSt
005 - DATE AND TIME OF LATEST TRANSACTION
control field 20240209150839.0
008 - FIXED-LENGTH DATA ELEMENTS--GENERAL INFORMATION
fixed length control field 230808b |||||||| |||| 00| 0 eng d
020 ## - INTERNATIONAL STANDARD BOOK NUMBER
International Standard Book Number 9788793379107 (hardback)
040 ## - CATALOGING SOURCE
Transcribing agency NUST
Modifying agency NUST
Original cataloging agency NUST
Language of cataloging eng
Description conventions rda
050 ## - LIBRARY OF CONGRESS CALL NUMBER
Classification number QA 96.9. A25 BUC
100 ## - MAIN ENTRY--PERSONAL NAME
Relator term Author
Personal name Buchanan, William J. OBE
245 ## - TITLE STATEMENT
Title Cryptography /
Statement of responsibility, etc. William J. Buchanan OBE.
260 ## - PUBLICATION, DISTRIBUTION, ETC.
Place of publication, distribution, etc. Denmark :
Name of publisher, distributor, etc. River Publishers,
Date of publication, distribution, etc. ©2017.
300 ## - PHYSICAL DESCRIPTION
Extent xxi, 402 pages :
Other physical details illustrations ;
Dimensions 24 cm.
336 ## - CONTENT TYPE
Source rdacontent
Content type term text
Content type code txt
337 ## - MEDIA TYPE
Source rdamedia
Media type term unmediated
Media type code n
338 ## - CARRIER TYPE
Source rdamedia
Carrier type term volume
Carrier type code nc
490 ## - SERIES STATEMENT
Series statement River publishers series in security and digital forensics information science and technology
504 ## - BIBLIOGRAPHY, ETC. NOTE
Bibliography, etc. note |a Includes bibliographical references and index.
942 ## - ADDED ENTRY ELEMENTS (KOHA)
Source of classification or shelving scheme Library of Congress Classification
Koha item type Ordinary Loan Books
Classification part QA 76.9. A25
Call number prefix QA
Call number suffix BUC
Suppress in OPAC No
Holdings
Date last seen Total Checkouts Full call number Barcode Accession number Cost, replacement price Price effective from Koha item type Public note Lost status Source of classification or shelving scheme Damaged status Not for loan Withdrawn status Home library Current library Shelving location Date acquired Source of acquisition Cost, normal purchase price
08/08/2023   QA 96.9. A25 BUC 92004053208 59920 47.00 03/28/2023 BOOKS Donation   LCC       MAIN MAIN GEN 03/28/2023 Book Aid International 47.00